banke-sanshar / (Record no. 11795)
[ view plain ]
| 000 -LEADER | |
|---|---|
| fixed length control field | 00334cam a2200145ua 4500 |
| 041 ## - LANGUAGE CODE | |
| Language code of text/sound track or separate title | eng |
| 082 ## - DEWEY DECIMAL CLASSIFICATION NUMBER | |
| Classification number | 891.54 |
| Item number | MAE/BA |
| 100 ## - MAIN ENTRY--AUTHOR NAME | |
| Personal name | Mactheddi, sharaon . |
| 245 00 - TITLE STATEMENT | |
| Title | banke-sanshar / |
| 300 ## - PHYSICAL DESCRIPTION | |
| Number of Pages | 40 ; . |
| 700 1# - ADDED ENTRY--PERSONAL NAME | |
| Personal name | Gupt, . |
| 942 ## - ADDED ENTRY ELEMENTS (KOHA) | |
| Koha item type | Books |
| Withdrawn status | Lost status | Damaged status | Home library | Current library | Date acquired | Full call number | Accession Number | Koha item type |
|---|---|---|---|---|---|---|---|---|
| Withdrawn | KAUAET | KAUAET | 07/04/2012 | 891.54 | 6284 | Books |
